Movies Quiz

Random Movies or Clickable Quiz
Score 0/10 Timer 01:00
0 Plays Today
% Correct
Jump in
95.9%
Cow Belles
93.4%
Camp Rock
91.3%
High School Musical
88.6%
The Cheetah Girls
85.2%
High School Musical 3: Senior Year
81.9%
Starstruck
79.4%
High School Musical 2
78.7%
the Lizzie Mcguire Movie
75.3%
Lemonade Mouth
70.7%

You're not logged in!

Compare scores with friends on all Sporcle quizzes.
OR
Log In

Sporcle TV

Today on Sporcle TV


Watch our educational content, quiz creation guides, and fun videos on Sporcle TV.

Show Comments

Extras

Top Quizzes Today


Score Distribution

Paid Content

Your Account Isn't Verified!

In order to create a playlist on Sporcle, you need to verify the email address you used during registration. Go to your Sporcle Settings to finish the process.

Report this User

Report this user for behavior that violates our Community Guidelines.

Details: